The ntl handbook of organization development and change : (Record no. 346145)
[ view plain ]
| 000 -LEADER | |
|---|---|
| fixed length control field | 01742 a2200253 4500 |
| 003 - CONTROL NUMBER IDENTIFIER | |
| control field | OSt |
| 005 - DATE AND TIME OF LATEST TRANSACTION | |
| control field | 20180116182808.0 |
| 008 - FIXED-LENGTH DATA ELEMENTS--GENERAL INFORMATION | |
| fixed length control field | 160428b xxu||||| |||| 00| 0 eng d |
| 020 ## - INTERNATIONAL STANDARD BOOK NUMBER | |
| International Standard Book Number | 078797773X |
| 020 ## - INTERNATIONAL STANDARD BOOK NUMBER | |
| International Standard Book Number | 9780787977733 |
| 040 ## - CATALOGING SOURCE | |
| Transcribing agency | 0 |
| 082 04 - DEWEY DECIMAL CLASSIFICATION NUMBER | |
| Classification number | 658.406 |
| 100 ## - MAIN ENTRY--PERSONAL NAME | |
| Personal name | Jones, Brenda B. |
| 245 04 - TITLE STATEMENT | |
| Title | The ntl handbook of organization development and change : |
| Remainder of title | principles, practices, and perspectives. |
| 260 ## - PUBLICATION, DISTRIBUTION, ETC. | |
| Place of publication, distribution, etc. | [S.l.] : |
| Name of publisher, distributor, etc. | Pfeiffer, |
| Date of publication, distribution, etc. | 2006. |
| 300 ## - PHYSICAL DESCRIPTION | |
| Extent | 576 p. ; |
| Dimensions | 24 cm. |
| 500 ## - GENERAL NOTE | |
| General note | Hardcover. |
| 520 ## - SUMMARY, ETC. | |
| Summary, etc. | The NTL Handbook of Organization Development and Change is an essential tool for both practitioners and students who want to know how to effectively bring about meaningful and sustainable change in organizations. Featuring contributions from leading practitioners, academics, and scholars in the field, each chapter comprehensively explores a key aspect of organization development including core theories and methods, OD in the international and world setting, practical applications, the future of OD, and many others. Co-published with the NTL Institute, a long-time leader and champion for the field, The NTL Handbook of Organization Development and Change boasts an extensive range of knowledge, experience, and methods integrated by a philosophical system that underscores the vital mission of OD as well as provides expert guidance in the art and science of making organizational development and change work. |
| 700 1# - ADDED ENTRY--PERSONAL NAME | |
| Personal name | Jones, Brenda B. |
| 700 1# - ADDED ENTRY--PERSONAL NAME | |
| Personal name | Brazzel, Michael. |
| 856 40 - ELECTRONIC LOCATION AND ACCESS | |
| Materials specified | Amazon.com |
| Uniform Resource Identifier | <a href="http://www.amazon.com/exec/obidos/ASIN/078797773X/chopaconline-20">http://www.amazon.com/exec/obidos/ASIN/078797773X/chopaconline-20</a> |
| 856 40 - ELECTRONIC LOCATION AND ACCESS | |
| Materials specified | Amazon customer reviews |
| Uniform Resource Identifier | <a href="http://www.chopac.org/cgi-bin/tools/azrev.pl?q=078797773X">http://www.chopac.org/cgi-bin/tools/azrev.pl?q=078797773X</a> |
| 942 ## - ADDED ENTRY ELEMENTS (KOHA) | |
| Institution code [OBSOLETE] | NBS |
| Koha item type | Book |
| Call number prefix | 658.406 JON |
| Source of classification or shelving scheme | |
| Withdrawn status | Lost status | Damaged status | Not for loan | Permanent Location | Current Location | Date acquired | Total Checkouts | Full call number | Barcode | Date last seen | Price effective from | Koha item type |
|---|---|---|---|---|---|---|---|---|---|---|---|---|
| Central Library (CL) | Central Library (CL) | 08/28/2013 | 658.406 JON | NBS7589 | 08/28/2013 | 08/28/2013 | Book |
